000 00357nas a2200157 a 4500
001 67869
003 141093
005 20201118110454.0
008 ||||||n9999 ||| || ||
041 _aspa
245 0 _aArgumentos - No.2
260 _aBogotá :
_bEdutorial Argumentos,
_c1982.
562 _e1
773 _067865
_aArgumentos
942 _cSISS
999 _c67869
_d67869